| 000 | 00685nam a2200217 i 4500 | ||
|---|---|---|---|
| 001 | 105481 | ||
| 003 | ES-MaACL | ||
| 005 | 20230906183911.0 | ||
| 007 | t| | ||
| 008 | 060719s1964 fr ||||1| fre d | ||
| 080 | _a327(510:47+57)"19" | ||
| 080 | _a327(47+57:510)"19" | ||
| 100 | 1 |
_aFejtö, François. _949139 |
|
| 245 | 1 | 0 |
_aChine - URSS la fin d'une hégémonie _b: les origines du grand schisme communiste 1950-1957 / _cFrançois Fejtö. |
| 260 |
_aParis : _bPlon, _c[1964] |
||
| 300 |
_a360 p. ; _c22 cm. |
||
| 500 | _aBiblioteca Juan Andrade. | ||
| 651 | 4 |
_aChina- _xRelaciones- _yURSS. _98061 |
|
| 651 | 4 |
_aURSS- _xRelaciones- _zChina. _99485 |
|
| 852 |
_aES-MaACL _jAND-296 |
||
| 999 |
_c105481 _d105481 |
||